RICS residential lettings survey Great Britain (Record no. 116098)

MARC details
000 -LEADER
fixed length control field 01207cad a22002295a 4500
001 - CONTROL NUMBER
control field L159717
008 - FIXED-LENGTH DATA ELEMENTS--GENERAL INFORMATION
fixed length control field 090319s2009 xxkd f s 000 0 eng d
035 ## - SYSTEM CONTROL NUMBER
System control number (Sirsi) u159717
041 0# - LANGUAGE CODE
Language code of text/sound track or separate title eng
050 04 - LIBRARY OF CONGRESS CALL NUMBER
Classification number 346.4104342 $2 18
110 2# - MAIN ENTRY--CORPORATE NAME
Corporate name or jurisdiction name as entry element Royal Institution of Chartered Surveyors
9 (RLIN) 4900
245 00 - TITLE STATEMENT
Title RICS residential lettings survey Great Britain
Remainder of title July 2009
Medium [electronic resource]
260 ## - PUBLICATION, DISTRIBUTION, ETC.
Place of publication, distribution, etc. London
Name of publisher, distributor, etc. RICS
Date of publication, distribution, etc. 2009
490 #0 - SERIES STATEMENT
Series statement RICS Residential Lettings Survey Great Britain
Volume/sequential designation July 2009
520 ## - SUMMARY, ETC.
Summary, etc. Growth in demand for rental property slows but growth in new landlord instructions slows even more so. Rents continue to decline but at a slower pace and rental expectations improve markedly though they remain slightly negative. The percentage of landlords planning to sell properties at the expiry of leases remains unchanged at 1.8%.
590 ## - LOCAL NOTE (RLIN)
Local note KA
650 24 - SUBJECT ADDED ENTRY--TOPICAL TERM
Topical term or geographic name entry element RICS RESIDENTIAL LETTINGS SURVEY GREAT BRITAIN
651 #4 - SUBJECT ADDED ENTRY--GEOGRAPHIC NAME
Geographic name Great Britain
Chronological subdivision 1707-
690 ## - LOCAL SUBJECT ADDED ENTRY--TOPICAL TERM (OCLC, RLIN)
Topical term or geographic name as entry element PROPERTY-RESIDENTIAL PROPERTY-RESIDENTIAL PROPERTY MARKET
856 40 - ELECTRONIC LOCATION AND ACCESS
Uniform Resource Identifier <a href="https://www.rics.org/Global/Downloads/RICS_Residential_Lettings_Market_Survey_-_July_2009.pdf">https://www.rics.org/Global/Downloads/RICS_Residential_Lettings_Market_Survey_-_July_2009.pdf</a>
Public note View the item free of charge at www.rics.org...
942 ## - ADDED ENTRY ELEMENTS (KOHA)
Suppress in OPAC 0
Holdings
Withdrawn status Lost status Source of classification or shelving scheme Damaged status Not for loan Home library Current library Shelving location Date acquired Total Checkouts Full call number Barcode Date last seen Copy number Price effective from Koha item type
    Dewey Decimal Classification     Virtual Virtual Online 14/12/2017   ONLINE PUBLICATION 159717-2001 06/08/2019 1 06/08/2019 Book